| 000 | 00871nam a2200217Ia 4500 | ||
|---|---|---|---|
| 003 | Ost | ||
| 005 | 20260507075657.0 | ||
| 008 | 260507s9999||||xx |||||||||||||| ||und|| | ||
| 040 | _cfsecg | ||
| 041 | _aara | ||
| 082 | _a344.095 | ||
| 100 |
_aسيد أحمد، ابراهيم _eمؤلف |
||
| 245 | 0 |
_aعقد نقل التكنولوجيا فقها وقضاءا / _c ابراهيم سيد أحمد |
|
| 260 |
_aالاسكندرية: _bالمكتب الجامعي الحديث, _c2004 |
||
| 300 |
_a120 صفحة؛ _bإيضاحات ؛ _c24 سم |
||
| 490 | _aسلسلة العقود التجارية المسماة (2) | ||
| 520 | _aأحكام وقواعد نقل التكنولوجيا، المبادئ القضائية. | ||
| 653 | _aالعقود- قوانين وتشريعات | ||
| 653 | _aقوانين و تشريعات- تكنولوجيا | ||
| 942 | _cكتاب | ||
| 999 |
_c45734 _d45734 |
||